000 00964nam a22002657a 4500
001 000723
003 DO-SdBNP
005 20180209115501.0
007 000723
008 161118b 1999 ck a ||||| |||| 00| 0 spa d
020 _a9586155137 (V. 1)
020 _a9586155145 (V. 2)
040 _aBPMSU
_bspa
_cBPMSU
082 _axxxx
_bxxxx
100 1 _aCecilia Betancourt, María
245 0 0 _aAyúdame a crecer :
_buna guía completa para la correcta formación de los niños y las niñas /
_cMaría Cecilia Betancourt, Clara Patrcia Camaho, María Esther Cavagnis.
260 _aSanta Fe, Bogotá :
_bEducar Cultural Recreativa,
_c1999.
300 _a129 p. :
_bil. ;
_c28 cm.
505 0 _gv. 1
_tEl hijo ya está en casa--
_gv. 2
_tRelacionándose con los otros --
700 1 2 _aCamaho, Clara Patrcia
700 1 2 _aCavagnis, María Esther
942 _2ddc
_cBK
945 _ainventariado, 2018 / dg
956 _2LOPEREZ
_310
_620161118
_8BPMSU
_a00041
999 _c12005
_d12005